| 000 | 00479nam a2200121Ia 4500 | ||
|---|---|---|---|
| 008 | 220620s9999||||xx |||||||||||||| ||und|| | ||
| 100 | _aThe ATLAS Collaboration | ||
| 245 | 0 | _aATLAS:A 25-Year Insider Story of the LHC Experiment | |
| 546 | _aEnglish[eng] | ||
| 650 | _aATLAS||CERN||Scientific Collaboration||Large Hadron Collider||LHC||Higgs Boson||Detector Technologies||Particle Physics||Accelerator | ||
| 856 | _uhttps://www.worldscientific.com/doi/10.1142/11030 | ||
| 942 | _cEB | ||
| 999 |
_c32076 _d32076 |
||